• 首页
  • 本馆介绍
  • 公告通知
  • 最新文献
  • 馆藏检索
  • 电子资源
  • 读者导购
  • 参考咨询
  • 我的图书馆
  • 登录
  • 详细信息显示
  • 放入我的书架
  • 预约/预借图书
  • 作者相关作品
  • 分类相关作品
  • 丛书相关作品
  • 出版社相关作品

书目信息

  • 表格格式
  • 工作单格式
  • 卡片格式
题名:
台球规则问答
    
 
作者: 付永康 著
分册:  
出版信息: 北京   人民体育出版社  1999
页数: 14,103页
开本: 19cm
丛书名: 规则问答丛书
单 册:
中图分类: G893.4
科图分类:
主题词: 台球--竞赛规则--基本知识 , 台球 , 竞赛规则
电子资源:
ISBN: 7-5009-1634-5
000 00702oam2 2200265 450
001 1252891881
005 20121007144239.01
010    @a7-5009-1634-5@dCNY6.00
100    @a19990401d1999 em y0chiy0110 ea
101 0  @achi
102    @aCN@b110000
105    @ay z 000yy
200 1  @a台球规则问答@Atai qiu gui ze wen da@f付永康著
205    @a2版(修订本)
210    @a北京@c人民体育出版社@d1999
215    @a14,103页@d19cm
225 2  @a规则问答丛书
461  0 @12001 @a规则问答丛书
606 0  @a台球@x竞赛规则@x基本知识
606 0  @a台球
606 0  @a竞赛规则
690    @aG893.4@v3
701  0 @a付永康@Afu yong kang@4著
801  0 @aCN@bNLC@c20101222
905    @a10447@dG893.4@eJY195
    
    台球规则问答/付永康著.-2版(修订本).-北京:人民体育出版社,1999
    14,103页;19cm.-(规则问答丛书)
    
    
    ISBN 7-5009-1634-5:CNY6.00
    
●
相关链接 在E读中查询图书 在五车中查询图书 在当当中查询图书 在豆瓣中查询图书


正题名:台球规则问答     索取号:G893.4/JY195         预约/预借

序号 登录号 条形码 馆藏地/架位号 状态 备注
1 7828549   278285491   学院路分馆/ [索取号:G893.4/JY195] 在馆    
2 7828550   278285507   学院路分馆/ [索取号:G893.4/JY195] 在馆    
3 7828551   278285516   学院路分馆/ [索取号:G893.4/JY195] 在馆    
4 7828552   278285525   学院路分馆/ [索取号:G893.4/JY195] 在馆    
唐山师范学院图书馆 欢迎您!
大连网信软件有限公司© 版权所有